000 00299nam a2200121Ia 4500
008 191201s2014 xx 000 0 und d
100 _aRANJAN, Gopal
245 0 _aBasic and Applied soil Mechanics
260 _aN. delhi
_bNew Age
_c2014
300 _a762
650 _aB.Tech(CE)
942 _2ddc
_cBK
_01
999 _c6161
_d6161